00889nam a2200241 i 4500001001000000003000900010005001700019007000300036008004100039040003000080041000800110082003300118100005000151245005000201250004400251264005200295300005500347336002700402337003300429338002800462600009100490651006600581000021271DO-SdBNP20260303134923.0ta100907t1984 dr ac 001 0bspa d aDO-SdBNPbspacBNPHUerda aspa 4a923.17293053bT866a 19842221 aArzeno Rodríguez, Luis,d1922-eautor4aut.10aCosas de Trujillo /cLuis Arzeno Rodríguez. atercera edición corregida y aumentada 1aSanto Domingo :bPublicaciones Américac1984. a119 páginas :bilustraciones, retratos ;c22 cm. atextobtxt2rdacontent asin mediaciónbn2rdamedia avolumenbnc2rdacarrier10aTrujillo Molina, Rafael Leónidas,d1891-1961vAnécdotas, chistes y sátiras, etc. 4aRepública DominicanaxHistoria yEra de Trujillo, 1930-1961